Normal view
MARC view
- المجمع الملكي لبحوث الحضارة الإسلامية (مؤسسة آل البيت)
Entry Personal Name
001 - CONTROL NUMBER
- control field: 45232
003 - CONTROL NUMBER IDENTIFIER
- control field: JO-AjAnu
005 - DATE AND TIME OF LATEST TRANSACTION
- control field: 20230606081502.0
008 - FIXED-LENGTH DATA ELEMENTS
- fixed length control field: 230606|| aca||aabn | a|a d
040 ## - CATALOGING SOURCE
- Original cataloging agency: JO-AjAnu
- Transcribing agency: JO-AjAnu
100 ## - HEADING--PERSONAL NAME
- Personal name: المجمع الملكي لبحوث الحضارة الإسلامية (مؤسسة آل البيت)
670 ## - SOURCE DATA FOUND
- Source citation: Work cat.: (JO-AjAnu)23159: المجمع الملكي لبحوث الحضارة الإسلامية (مؤسسة آل البيت), author, الإدارة المالية في الإسلام، ج2 / ملكية الأراضي في زمن الرسول صلى الله عليه وسلم